[Event "World Youth & Cadets Blitz Championships"]
[Site "Rhodes, Greece"]
[Date "2022.05.03"]
[Round "1.43"]
[White "Berezovskaya, Arina"]
[Black "Gawerska, Karolina"]
[Result "1-0"]
[TimeControl "5'/game & 2\"/move"]
[WhiteElo "1310"]
[BlackElo "1035"]

1. e4 {[%clk 00:05:03]} c5 {[%clk 00:05:03]} {[%emt 00:00:01]} 2. Nf3 {[%clk
00:05:04]} {[%emt 00:00:02]} Nc6 {[%clk 00:05:03]} {[%emt 00:00:01]} 3. Bb5
{[%clk 00:05:03]} {[%emt 00:00:03]} g6 {[%clk 00:04:53]} {[%emt 00:00:12]} 4.
Bxc6 {[%clk 00:05:03]} {[%emt 00:00:02]} bxc6 {[%clk 00:04:53]} {[%emt
00:00:02]} 5. O-O {[%clk 00:05:02]} {[%emt 00:00:04]} Bg7 {[%clk 00:04:53]}
{[%emt 00:00:03]} 6. c3 {[%clk 00:04:59]} {[%emt 00:00:05]} d6 {[%clk
00:04:51]} {[%emt 00:00:03]} 7. d4 {[%clk 00:04:59]} {[%emt 00:00:03]} cxd4
{[%clk 00:04:50]} {[%emt 00:00:02]} 8. cxd4 {[%clk 00:04:59]} {[%emt 00:00:02]}
Bg4 {[%clk 00:04:36]} {[%emt 00:00:17]} 9. Be3 {[%clk 00:04:54]} {[%emt
00:00:07]} Nf6 {[%clk 00:04:17]} {[%emt 00:00:21]} 10. Nc3 {[%clk 00:04:54]}
{[%emt 00:00:02]} O-O {[%clk 00:04:14]} {[%emt 00:00:04]} 11. h3 {[%clk
00:04:46]} {[%emt 00:00:09]} Be6 {[%clk 00:04:08]} {[%emt 00:00:09]} 12. e5
{[%clk 00:04:31]} {[%emt 00:00:18]} dxe5 {[%clk 00:04:07]} {[%emt 00:00:03]} 13.
dxe5 {[%clk 00:04:28]} {[%emt 00:00:05]} Nd5 {[%clk 00:04:06]} {[%emt
00:00:03]} 14. Nxd5 {[%clk 00:04:08]} {[%emt 00:00:22]} Bxd5 {[%clk 00:04:04]}
{[%emt 00:00:03]} 15. Bf4 {[%clk 00:03:47]} {[%emt 00:00:22]} e6 {[%clk
00:04:01]} {[%emt 00:00:06]} 16. Nd4 {[%clk 00:03:11]} {[%emt 00:00:38]} c5
{[%clk 00:03:53]} {[%emt 00:00:10]} 17. Nb3 {[%clk 00:02:48]} {[%emt 00:00:26]}
Qc7 {[%clk 00:03:46]} {[%emt 00:00:08]} 18. Re1 {[%clk 00:02:17]} {[%emt
00:00:33]} Rfd8 {[%clk 00:03:44]} {[%emt 00:00:04]} 19. Qc2 {[%clk 00:02:06]}
{[%emt 00:00:13]} Rac8 {[%clk 00:03:01]} {[%emt 00:00:45]} 20. Rac1 {[%clk
00:02:00]} {[%emt 00:00:09]} Qb6 {[%clk 00:02:51]} {[%emt 00:00:11]} 21. Be3
{[%clk 00:01:17]} {[%emt 00:00:46]} Qc6 {[%clk 00:02:12]} {[%emt 00:00:41]} 22.
Qxc5 {[%clk 00:00:39]} {[%emt 00:00:40]} Qxc5 {[%clk 00:02:10]} {[%emt
00:00:04]} 23. Bxc5 {[%clk 00:00:35]} {[%emt 00:00:06]} a6 {[%clk 00:02:05]}
{[%emt 00:00:07]} 24. Bd6 {[%clk 00:00:30]} {[%emt 00:00:08]} Bh6 {[%clk
00:01:43]} {[%emt 00:00:24]} 25. Rxc8 {[%clk 00:00:24]} {[%emt 00:00:07]} Rxc8
{[%clk 00:01:43]} {[%emt 00:00:02]} 26. Nc5 {[%clk 00:00:18]} {[%emt 00:00:08]}
a5 {[%clk 00:01:34]} {[%emt 00:00:11]} 27. b3 {[%clk 00:00:16]} {[%emt
00:00:05]} Bg7 {[%clk 00:01:23]} {[%emt 00:00:13]} 28. Rc1 {[%clk 00:00:11]}
{[%emt 00:00:06]} Bh6 {[%clk 00:01:19]} {[%emt 00:00:07]} 29. Rc2 {[%clk
00:00:08]} {[%emt 00:00:04]} Bg7 {[%clk 00:00:55]} {[%emt 00:00:27]} 30. Rc1
{[%clk 00:00:07]} {[%emt 00:00:02]} Bh6 {[%clk 00:00:53]} {[%emt 00:00:04]} 31.
Rc2 {[%clk 00:00:08]} {[%emt 00:00:01]} Bg7 {[%clk 00:00:53]} {[%emt 00:00:02]}
32. g3 {[%clk 00:00:08]} {[%emt 00:00:02]} Rd8 {[%clk 00:00:38]} {[%emt
00:00:17]} 33. f4 {[%clk 00:00:08]} {[%emt 00:00:02]} f6 {[%clk 00:00:34]}
{[%emt 00:00:06]} 34. Na4 {[%clk 00:00:06]} {[%emt 00:00:04]} fxe5 {[%clk
00:00:32]} {[%emt 00:00:04]} 35. fxe5 {[%clk 00:00:07]} {[%emt 00:00:02]} Be4
{[%clk 00:00:27]} {[%emt 00:00:07]} 36. Rc7 {[%clk 00:00:06]} {[%emt 00:00:03]}
Bh6 {[%clk 00:00:19]} {[%emt 00:00:10]} 37. Re7 {[%clk 00:00:07]} {[%emt
00:00:02]} Be3+ {[%clk 00:00:17]} {[%emt 00:00:03]} 38. Kf1 {[%clk 00:00:08]}
{[%emt 00:00:02]} Bd3+ {[%clk 00:00:13]} {[%emt 00:00:06]} 39. Ke1 {[%clk
00:00:07]} {[%emt 00:00:09]} 1-0

[Event "World Youth & Cadets Blitz Championships"]
[Site "Rhodes, Greece"]
[Date "2022.05.03"]
[Round "2.1"]
[White "Nogerbek, Kazybek"]
[Black "Goroshkov, Maksym"]
[Result "1-0"]
[TimeControl "5'/game & 2\"/move"]
[WhiteElo "2441"]
[BlackElo "2199"]

1. e4 {[%clk 00:05:03]} e5 {[%clk 00:05:03]} {[%emt 00:00:01]} 2. Nf3 {[%clk
00:05:03]} {[%emt 00:00:02]} d6 {[%clk 00:05:03]} {[%emt 00:00:02]} 3. d4
{[%clk 00:05:02]} {[%emt 00:00:03]} Bg4 {[%clk 00:05:04]} 4. dxe5 {[%clk
00:04:39]} {[%emt 00:00:25]} Nd7 {[%clk 00:05:05]} {[%emt 00:00:01]} 5. h3
{[%clk 00:04:32]} {[%emt 00:00:10]} Bh5 {[%clk 00:04:46]} {[%emt 00:00:20]} 6.
Be2 {[%clk 00:04:23]} {[%emt 00:00:11]} Bxf3 {[%clk 00:04:39]} {[%emt
00:00:09]} 7. Bxf3 {[%clk 00:04:22]} {[%emt 00:00:03]} dxe5 {[%clk 00:04:38]}
{[%emt 00:00:04]} 8. O-O {[%clk 00:04:21]} {[%emt 00:00:03]} Ngf6 {[%clk
00:04:38]} {[%emt 00:00:01]} 9. c3 {[%clk 00:04:18]} {[%emt 00:00:05]} c6
{[%clk 00:04:35]} {[%emt 00:00:06]} 10. Nd2 {[%clk 00:04:14]} {[%emt 00:00:05]}
Qc7 {[%clk 00:04:35]} {[%emt 00:00:02]} 11. Qe2 {[%clk 00:04:01]} {[%emt
00:00:15]} Be7 {[%clk 00:04:29]} {[%emt 00:00:08]} 12. a4 {[%clk 00:03:45]}
{[%emt 00:00:19]} O-O {[%clk 00:04:24]} {[%emt 00:00:06]} 13. Nc4 {[%clk
00:03:43]} {[%emt 00:00:04]} Rfd8 {[%clk 00:04:12]} {[%emt 00:00:14]} 14. b4
{[%clk 00:03:34]} {[%emt 00:00:11]} Nf8 {[%clk 00:03:56]} {[%emt 00:00:18]} 15.
Be3 {[%clk 00:03:31]} {[%emt 00:00:05]} Ne6 {[%clk 00:03:55]} {[%emt 00:00:04]}
16. g3 {[%clk 00:03:31]} h6 {[%clk 00:03:30]} {[%emt 00:00:27]} 17. h4 {[%clk
00:03:29]} {[%emt 00:00:04]} g5 {[%clk 00:03:15]} {[%emt 00:00:18]} 18. hxg5
{[%clk 00:03:24]} {[%emt 00:00:07]} hxg5 {[%clk 00:03:16]} 19. Bg4 {[%clk
00:03:18]} {[%emt 00:00:08]} Nxg4 {[%clk 00:02:21]} {[%emt 00:00:57]} 20. Qxg4
{[%clk 00:03:18]} {[%emt 00:00:02]} b5 {[%clk 00:02:19]} {[%emt 00:00:04]} 21.
Nd2 {[%clk 00:03:02]} {[%emt 00:00:17]} Qc8 {[%clk 00:02:08]} {[%emt 00:00:14]}
22. Nf3 {[%clk 00:02:17]} {[%emt 00:00:46]} f6 {[%clk 00:01:34]} {[%emt
00:00:36]} 23. Nh4 {[%clk 00:01:21]} {[%emt 00:00:58]} Ng7 {[%clk 00:01:08]}
{[%emt 00:00:28]} 24. Nf5 {[%clk 00:01:22]} Nxf5 {[%clk 00:01:07]} {[%emt
00:00:04]} 25. exf5 {[%clk 00:01:23]} {[%emt 00:00:01]} Qd7 {[%clk 00:00:46]}
{[%emt 00:00:23]} 26. axb5 {[%clk 00:01:19]} {[%emt 00:00:05]} cxb5 {[%clk
00:00:47]} {[%emt 00:00:02]} 27. Ra6 {[%clk 00:01:20]} {[%emt 00:00:01]} Qe8
{[%clk 00:00:36]} {[%emt 00:00:13]} 28. Rfa1 {[%clk 00:01:07]} {[%emt
00:00:15]} Rd7 {[%clk 00:00:34]} {[%emt 00:00:05]} 29. Qf3 {[%clk 00:00:42]}
{[%emt 00:00:25]} Qc8 {[%clk 00:00:19]} {[%emt 00:00:17]} 30. Re6 {[%clk
00:00:28]} {[%emt 00:00:16]} Qxc3 {[%clk 00:00:17]} {[%emt 00:00:05]} 31. Qxa8+
{[%clk 00:00:27]} {[%emt 00:00:03]} 1-0

[Event "World Youth & Cadets Blitz Championships"]
[Site "Rhodes, Greece"]
[Date "2022.05.03"]
[Round "2.2"]
[White "Kushko, Dmitriy"]
[Black "Subelj, Jan"]
[Result "0-1"]
[TimeControl "5'/game & 2\"/move"]
[WhiteElo "2193"]
[BlackElo "2328"]

1. g3 {[%clk 00:05:01]} {[%emt 00:00:01]} Nf6 {[%clk 00:05:03]} {[%emt
00:00:02]} 2. Bg2 {[%clk 00:05:02]} {[%emt 00:00:01]} g6 {[%clk 00:05:02]}
{[%emt 00:00:04]} 3. c4 {[%clk 00:05:01]} {[%emt 00:00:03]} Bg7 {[%clk
00:05:01]} {[%emt 00:00:02]} 4. Nc3 {[%clk 00:05:00]} {[%emt 00:00:03]} c5
{[%clk 00:05:01]} {[%emt 00:00:02]} 5. Nf3 {[%clk 00:05:00]} {[%emt 00:00:03]}
d6 {[%clk 00:04:57]} {[%emt 00:00:05]} 6. d4 {[%clk 00:04:59]} {[%emt
00:00:03]} cxd4 {[%clk 00:04:56]} {[%emt 00:00:03]} 7. Nxd4 {[%clk 00:04:59]}
{[%emt 00:00:03]} a6 {[%clk 00:04:56]} {[%emt 00:00:02]} 8. O-O {[%clk
00:04:43]} {[%emt 00:00:17]} O-O {[%clk 00:04:56]} {[%emt 00:00:02]} 9. b3
{[%clk 00:04:39]} {[%emt 00:00:07]} Qc7 {[%clk 00:04:54]} {[%emt 00:00:04]} 10.
Bb2 {[%clk 00:04:38]} {[%emt 00:00:02]} Nc6 {[%clk 00:04:45]} {[%emt 00:00:11]}
11. Rc1 {[%clk 00:04:35]} {[%emt 00:00:05]} Nxd4 {[%clk 00:04:35]} {[%emt
00:00:12]} 12. Qxd4 {[%clk 00:04:35]} {[%emt 00:00:03]} Be6 {[%clk 00:04:03]}
{[%emt 00:00:34]} 13. Qd2 {[%clk 00:03:16]} {[%emt 00:01:21]} Rac8 {[%clk
00:03:21]} {[%emt 00:00:43]} 14. Nd5 {[%clk 00:02:40]} {[%emt 00:00:39]} Bxd5
{[%clk 00:03:21]} {[%emt 00:00:02]} 15. cxd5 {[%clk 00:02:40]} {[%emt
00:00:01]} Qd7 {[%clk 00:03:22]} 16. e4 {[%clk 00:01:45]} {[%emt 00:00:57]}
Rxc1 {[%clk 00:02:41]} {[%emt 00:00:43]} 17. Rxc1 {[%clk 00:01:46]} Rc8 {[%clk
00:02:42]} {[%emt 00:00:01]} 18. Bd4 {[%clk 00:01:23]} {[%emt 00:00:25]} Qd8
{[%clk 00:01:55]} {[%emt 00:00:49]} 19. h3 {[%clk 00:00:41]} {[%emt 00:00:44]}
Nd7 {[%clk 00:01:15]} {[%emt 00:00:42]} 20. Be3 {[%clk 00:00:42]} {[%emt
00:00:02]} Rc7 {[%clk 00:01:10]} {[%emt 00:00:07]} 21. f3 {[%clk 00:00:09]}
{[%emt 00:00:34]} Qc8 {[%clk 00:01:11]} {[%emt 00:00:01]} 22. Rxc7 {[%clk
00:00:09]} {[%emt 00:00:03]} Qxc7 {[%clk 00:01:11]} 23. Qc1 {[%clk 00:00:09]}
{[%emt 00:00:02]} Bc3 {[%clk 00:00:32]} {[%emt 00:00:42]} 24. Kh2 {[%clk
00:00:10]} {[%emt 00:00:01]} b5 {[%clk 00:00:32]} {[%emt 00:00:02]} 25. b4
{[%clk 00:00:09]} {[%emt 00:00:03]} a5 {[%clk 00:00:26]} {[%emt 00:00:08]} 26.
bxa5 {[%clk 00:00:06]} {[%emt 00:00:05]} Qxa5 {[%clk 00:00:26]} {[%emt
00:00:02]} 27. Qc2 {[%clk 00:00:08]} {[%emt 00:00:01]} b4 {[%clk 00:00:24]}
{[%emt 00:00:03]} 28. Bf1 {[%clk 00:00:07]} {[%emt 00:00:03]} Ne5 {[%clk
00:00:16]} {[%emt 00:00:10]} 29. Kg2 {[%clk 00:00:08]} {[%emt 00:00:01]} Qc7
{[%clk 00:00:14]} {[%emt 00:00:04]} 30. f4 {[%clk 00:00:07]} {[%emt 00:00:03]}
Nc4 {[%clk 00:00:14]} {[%emt 00:00:02]} 31. Bf2 {[%clk 00:00:06]} {[%emt
00:00:03]} Na3 {[%clk 00:00:07]} {[%emt 00:00:08]} 32. Qa4 {[%clk 00:00:05]}
{[%emt 00:00:03]} Kg7 {[%clk 00:00:08]} {[%emt 00:00:01]} 33. Be2 {[%clk
00:00:06]} {[%emt 00:00:02]} Nb1 {[%clk 00:00:06]} {[%emt 00:00:04]} 34. Bf3
{[%clk 00:00:06]} {[%emt 00:00:02]} Nd2 {[%clk 00:00:06]} {[%emt 00:00:02]} 35.
Qd1 {[%clk 00:00:05]} {[%emt 00:00:03]} Qc4 {[%clk 00:00:06]} {[%emt 00:00:02]}
36. Be3 {[%clk 00:00:03]} {[%emt 00:00:04]} Nxf3 {[%clk 00:00:05]} {[%emt
00:00:03]} 37. Kxf3 {[%clk 00:00:04]} {[%emt 00:00:01]} Qxa2 {[%clk 00:00:06]}
38. Bd4+ {[%clk 00:00:05]} {[%emt 00:00:01]} f6 {[%clk 00:00:07]} 39. Be3
{[%clk 00:00:06]} {[%emt 00:00:01]} b3 {[%clk 00:00:07]} {[%emt 00:00:02]} 40.
e5 {[%clk 00:00:06]} {[%emt 00:00:02]} b2 {[%clk 00:00:08]} 41. exf6+ {[%clk
00:00:07]} {[%emt 00:00:01]} Bxf6 {[%clk 00:00:09]} 0-1

[Event "World Youth & Cadets Blitz Championships"]
[Site "Rhodes, Greece"]
[Date "2022.05.03"]
[Round "2.3"]
[White "Petrovskyi, Vadym"]
[Black "Borrmann, Laurenz"]
[Result "1-0"]
[TimeControl "5'/game & 2\"/move"]
[WhiteElo "2400"]
[BlackElo "1990"]

1. e4 {[%clk 00:05:03]} e5 {[%clk 00:05:03]} {[%emt 00:00:02]} 2. Nf3 {[%clk
00:05:04]} {[%emt 00:00:01]} Nc6 {[%clk 00:05:04]} {[%emt 00:00:01]} 3. d4
{[%clk 00:05:05]} {[%emt 00:00:01]} exd4 {[%clk 00:05:03]} {[%emt 00:00:02]} 4.
Bc4 {[%clk 00:05:06]} {[%emt 00:00:01]} Bc5 {[%clk 00:04:47]} {[%emt 00:00:18]}
5. c3 {[%clk 00:05:07]} Nf6 {[%clk 00:04:45]} {[%emt 00:00:04]} 6. cxd4 {[%clk
00:04:38]} {[%emt 00:00:31]} Bb4+ {[%clk 00:04:44]} {[%emt 00:00:02]} 7. Bd2
{[%clk 00:04:39]} {[%emt 00:00:02]} Bxd2+ {[%clk 00:04:32]} {[%emt 00:00:14]} 8.
Nbxd2 {[%clk 00:04:40]} {[%emt 00:00:01]} d5 {[%clk 00:04:32]} {[%emt
00:00:02]} 9. exd5 {[%clk 00:04:40]} {[%emt 00:00:02]} Nxd5 {[%clk 00:04:32]}
{[%emt 00:00:01]} 10. O-O {[%clk 00:04:03]} {[%emt 00:00:40]} O-O {[%clk
00:04:28]} {[%emt 00:00:06]} 11. Nb3 {[%clk 00:03:28]} {[%emt 00:00:37]} a5
{[%clk 00:04:07]} {[%emt 00:00:22]} 12. Re1 {[%clk 00:03:16]} {[%emt 00:00:14]}
Bg4 {[%clk 00:03:28]} {[%emt 00:00:41]} 13. Rc1 {[%clk 00:02:21]} {[%emt
00:00:58]} Qd6 {[%clk 00:03:16]} {[%emt 00:00:14]} 14. Nc5 {[%clk 00:02:09]}
{[%emt 00:00:14]} Rab8 {[%clk 00:02:52]} {[%emt 00:00:26]} 15. Ne4 {[%clk
00:01:53]} {[%emt 00:00:18]} Qd8 {[%clk 00:02:41]} {[%emt 00:00:13]} 16. h3
{[%clk 00:01:34]} {[%emt 00:00:20]} Bh5 {[%clk 00:02:26]} {[%emt 00:00:17]} 17.
Ng3 {[%clk 00:01:34]} {[%emt 00:00:03]} Bg6 {[%clk 00:02:24]} {[%emt 00:00:04]}
18. Bb5 {[%clk 00:01:23]} {[%emt 00:00:13]} Na7 {[%clk 00:02:16]} {[%emt
00:00:10]} 19. Bf1 {[%clk 00:01:06]} {[%emt 00:00:19]} Nc6 {[%clk 00:02:12]}
{[%emt 00:00:06]} 20. Ne5 {[%clk 00:01:06]} {[%emt 00:00:01]} Nxe5 {[%clk
00:01:52]} {[%emt 00:00:22]} 21. dxe5 {[%clk 00:01:07]} {[%emt 00:00:02]} c6
{[%clk 00:01:30]} {[%emt 00:00:24]} 22. Qg4 {[%clk 00:00:58]} {[%emt 00:00:12]}
Qb6 {[%clk 00:01:20]} {[%emt 00:00:11]} 23. h4 {[%clk 00:00:48]} {[%emt
00:00:12]} h6 {[%clk 00:01:11]} {[%emt 00:00:11]} 24. h5 {[%clk 00:00:48]}
{[%emt 00:00:02]} Bh7 {[%clk 00:01:12]} 25. b3 {[%clk 00:00:49]} {[%emt
00:00:02]} Nb4 {[%clk 00:00:57]} {[%emt 00:00:16]} 26. Nf5 {[%clk 00:00:40]}
{[%emt 00:00:11]} Bxf5 {[%clk 00:00:54]} {[%emt 00:00:05]} 27. Qxf5 {[%clk
00:00:41]} Rfe8 {[%clk 00:00:35]} {[%emt 00:00:20]} 28. a3 {[%clk 00:00:42]}
{[%emt 00:00:02]} Nd5 {[%clk 00:00:26]} {[%emt 00:00:10]} 29. Bd3 {[%clk
00:00:41]} {[%emt 00:00:04]} Qd4 {[%clk 00:00:11]} {[%emt 00:00:17]} 30. Rc4
{[%clk 00:00:38]} {[%emt 00:00:05]} Qb2 {[%clk 00:00:09]} {[%emt 00:00:04]} 31.
Rg4 {[%clk 00:00:33]} {[%emt 00:00:07]} Kf8 {[%clk 00:00:08]} {[%emt 00:00:03]}
32. e6 {[%clk 00:00:34]} Nf6 {[%clk 00:00:07]} {[%emt 00:00:03]} 33. Qc5+
{[%clk 00:00:26]} {[%emt 00:00:10]} Re7 {[%clk 00:00:06]} {[%emt 00:00:03]} 34.
exf7 {[%clk 00:00:26]} {[%emt 00:00:02]} Nd5 {[%clk 00:00:05]} {[%emt
00:00:03]} 35. Rge4 {[%clk 00:00:22]} {[%emt 00:00:06]} Qf6 {[%clk 00:00:05]}
{[%emt 00:00:02]} 36. Bc4 {[%clk 00:00:23]} b6 {[%clk 00:00:00]} {[%emt
00:01:17]} 37. Rxe7 {[%clk 00:00:49]} {[%emt 00:00:44]} bxc5 {[%clk 00:00:04]}
{[%emt 00:00:03]} 38. Re8+ {[%clk 00:00:50]} Kxf7 {[%clk 00:00:04]} {[%emt
00:00:01]} 39. Rxb8 {[%clk 00:00:52]} Qc3 {[%clk 00:00:05]} {[%emt 00:00:01]}
40. Rbe8 {[%clk 00:00:48]} {[%emt 00:00:07]} Kf6 {[%clk 00:00:04]} {[%emt
00:00:03]} 41. R1e6+ {[%clk 00:00:46]} {[%emt 00:00:03]} Kf5 {[%clk 00:00:05]}
{[%emt 00:00:01]} 42. g3 {[%clk 00:00:42]} {[%emt 00:00:07]} Nf6 {[%clk
00:00:04]} {[%emt 00:00:02]} 43. Rf8 {[%clk 00:00:39]} {[%emt 00:00:04]} Qa1+
{[%clk 00:00:04]} {[%emt 00:00:02]} 44. Kg2 {[%clk 00:00:40]} {[%emt 00:00:02]}
Qxa3 {[%clk 00:00:05]} {[%emt 00:00:01]} 45. Rxc6 {[%clk 00:00:39]} {[%emt
00:00:03]} a4 {[%clk 00:00:05]} {[%emt 00:00:02]} 46. bxa4 {[%clk 00:00:36]}
{[%emt 00:00:04]} Qb4 {[%clk 00:00:05]} {[%emt 00:00:03]} 47. Bb5 {[%clk
00:00:35]} {[%emt 00:00:03]} Kg5 {[%clk 00:00:06]} {[%emt 00:00:01]} 48. Re6
{[%clk 00:00:27]} {[%emt 00:00:10]} Kxh5 {[%clk 00:00:05]} {[%emt 00:00:03]} 49.
Re5+ {[%clk 00:00:21]} {[%emt 00:00:07]} Kg4 {[%clk 00:00:03]} {[%emt
00:00:04]} 50. f3# {[%clk 00:00:22]} {[%emt 00:00:01]} 1-0

[Event "World Youth & Cadets Blitz Championships"]
[Site "Rhodes, Greece"]
[Date "2022.05.03"]
[Round "2.4"]
[White "Chyzy, Jakub"]
[Black "Garner, Isaac"]
[Result "1-0"]
[TimeControl "5'/game & 2\"/move"]
[WhiteElo "2002"]
[BlackElo "2283"]

1. e4 {[%clk 00:05:03]} c5 {[%clk 00:05:02]} {[%emt 00:00:02]} 2. Nc3 {[%clk
00:05:03]} {[%emt 00:00:03]} Nc6 {[%clk 00:05:03]} {[%emt 00:00:01]} 3. Bb5
{[%clk 00:05:04]} {[%emt 00:00:01]} Nd4 {[%clk 00:05:02]} {[%emt 00:00:03]} 4.
Bc4 {[%clk 00:05:05]} e6 {[%clk 00:05:01]} {[%emt 00:00:03]} 5. Nf3 {[%clk
00:05:06]} {[%emt 00:00:01]} Nf6 {[%clk 00:04:56]} {[%emt 00:00:06]} 6. O-O
{[%clk 00:05:01]} {[%emt 00:00:07]} b5 {[%clk 00:04:55]} {[%emt 00:00:04]} 7.
Nxb5 {[%clk 00:04:36]} {[%emt 00:00:27]} Nxb5 {[%clk 00:04:54]} {[%emt
00:00:03]} 8. Bxb5 {[%clk 00:04:36]} {[%emt 00:00:01]} Nxe4 {[%clk 00:04:55]}
{[%emt 00:00:02]} 9. d4 {[%clk 00:04:27]} {[%emt 00:00:11]} Bb7 {[%clk
00:04:50]} {[%emt 00:00:08]} 10. Bf4 {[%clk 00:03:53]} a6 {[%clk 00:04:02]}
{[%emt 00:01:25]} 11. Ba4 {[%clk 00:03:48]} Be7 {[%clk 00:02:38]} {[%emt
00:01:33]} 12. Ne5 {[%clk 00:03:42]} Nf6 {[%clk 00:02:40]} {[%emt 00:00:09]} 13.
dxc5 {[%clk 00:03:22]} Bxc5 {[%clk 00:02:05]} {[%emt 00:00:58]} 14. Bg5 {[%emt
00:00:10]} Bc8 {[%clk 00:01:57]} {[%emt 00:00:10]} 15. Bxf6 gxf6 {[%clk
00:01:54]} 16. Nxf7 {[%clk 00:03:11]} {[%emt 00:00:02]} Bxf2+ {[%clk 00:01:40]}
{[%emt 00:00:16]} 17. Rxf2 {[%clk 00:03:12]} Kxf7 {[%clk 00:01:40]} {[%emt
00:00:02]} 18. Qh5+ {[%clk 00:03:12]} Ke7 {[%clk 00:01:41]} {[%emt 00:00:02]}
19. Qh4 {[%clk 00:01:48]} {[%emt 00:01:26]} Kf7 {[%clk 00:01:26]} {[%emt
00:00:17]} 20. Raf1 {[%clk 00:01:49]} {[%emt 00:00:01]} f5 {[%clk 00:01:27]}
{[%emt 00:00:01]} 21. Rxf5+ {[%clk 00:01:48]} {[%emt 00:00:03]} exf5 {[%clk
00:01:21]} {[%emt 00:00:09]} 22. Rxf5+ {[%clk 00:01:48]} {[%emt 00:00:01]} Ke6
{[%clk 00:01:09]} {[%emt 00:00:14]} 23. Qe4+ {[%clk 00:01:47]} {[%emt
00:00:05]} 1-0

[Event "World Youth & Cadets Blitz Championships"]
[Site "Rhodes, Greece"]
[Date "2022.05.03"]
[Round "2.6"]
[White "Mikko, Rondo"]
[Black "Trushko, Andrii"]
[Result "0-1"]
[TimeControl "5'/game & 2\"/move"]
[WhiteElo "1968"]
[BlackElo "2222"]

1. Nf3 {[%clk 00:05:02]} {[%emt 00:00:02]} d5 {[%clk 00:05:03]} {[%emt
00:00:02]} 2. b3 {[%clk 00:05:02]} Bf5 {[%clk 00:05:02]} {[%emt 00:00:03]} 3.
Bb2 {[%clk 00:05:03]} {[%emt 00:00:02]} e6 {[%clk 00:05:03]} 4. e3 {[%clk
00:05:03]} {[%emt 00:00:01]} Nf6 {[%clk 00:05:03]} {[%emt 00:00:02]} 5. d4
{[%clk 00:05:03]} {[%emt 00:00:02]} Bd6 {[%clk 00:05:03]} {[%emt 00:00:02]} 6.
Bd3 {[%clk 00:05:04]} {[%emt 00:00:02]} Nbd7 {[%clk 00:05:04]} {[%emt
00:00:01]} 7. O-O {[%clk 00:05:01]} {[%emt 00:00:04]} O-O {[%clk 00:05:04]}
{[%emt 00:00:02]} 8. c4 {[%clk 00:05:01]} {[%emt 00:00:03]} c6 {[%clk
00:05:05]} 9. Ne5 {[%clk 00:04:42]} {[%emt 00:00:21]} Bxd3 {[%clk 00:04:15]}
{[%emt 00:00:52]} 10. Qxd3 {[%clk 00:04:40]} {[%emt 00:00:03]} Ne4 {[%clk
00:04:16]} {[%emt 00:00:02]} 11. Nd2 {[%clk 00:04:14]} {[%emt 00:00:28]} f5
{[%clk 00:04:17]} 12. cxd5 {[%clk 00:03:54]} {[%emt 00:00:23]} exd5 {[%clk
00:04:01]} {[%emt 00:00:17]} 13. f3 {[%clk 00:03:52]} {[%emt 00:00:04]} Nxd2
{[%clk 00:04:01]} {[%emt 00:00:03]} 14. Qxd2 {[%clk 00:03:53]} {[%emt
00:00:01]} Qe7 {[%clk 00:03:53]} {[%emt 00:00:11]} 15. Nd3 {[%clk 00:03:21]}
{[%emt 00:00:33]} Rae8 {[%clk 00:03:53]} {[%emt 00:00:02]} 16. Rae1 {[%clk
00:03:21]} {[%emt 00:00:02]} Qh4 {[%clk 00:03:45]} {[%emt 00:00:10]} 17. f4
{[%clk 00:03:01]} {[%emt 00:00:22]} Nf6 {[%clk 00:03:40]} {[%emt 00:00:07]} 18.
Ne5 {[%clk 00:02:46]} {[%emt 00:00:16]} Ne4 {[%clk 00:03:40]} {[%emt 00:00:02]}
19. Qe2 {[%clk 00:02:35]} {[%emt 00:00:13]} Re6 {[%clk 00:03:02]} {[%emt
00:00:40]} 20. Rf3 {[%clk 00:02:35]} {[%emt 00:00:02]} Rh6 {[%clk 00:02:55]}
{[%emt 00:00:10]} 21. Rh3 {[%clk 00:02:26]} {[%emt 00:00:10]} Qf6 {[%clk
00:02:55]} {[%emt 00:00:02]} 22. Nd7 {[%clk 00:02:12]} {[%emt 00:00:16]} Qe7
{[%clk 00:02:44]} {[%emt 00:00:13]} 23. Nxf8 {[%clk 00:01:49]} {[%emt
00:00:25]} Rxh3 {[%clk 00:02:44]} {[%emt 00:00:03]} 24. gxh3 {[%clk 00:01:49]}
{[%emt 00:00:01]} Kxf8 {[%clk 00:02:44]} {[%emt 00:00:02]} 25. Rf1 {[%clk
00:00:57]} {[%emt 00:00:54]} Qh4 {[%clk 00:02:27]} {[%emt 00:00:19]} 26. Qg2
{[%clk 00:00:57]} {[%emt 00:00:02]} Kf7 {[%clk 00:02:20]} {[%emt 00:00:09]} 27.
a3 {[%clk 00:00:57]} {[%emt 00:00:03]} a5 {[%clk 00:02:12]} {[%emt 00:00:09]}
28. Bc1 {[%clk 00:00:51]} {[%emt 00:00:08]} Qe7 {[%clk 00:02:08]} {[%emt
00:00:07]} 29. Bd2 {[%clk 00:00:46]} {[%emt 00:00:07]} b6 {[%clk 00:02:08]}
{[%emt 00:00:02]} 30. a4 {[%clk 00:00:46]} {[%emt 00:00:03]} Bb4 {[%clk
00:02:05]} {[%emt 00:00:04]} 31. Bxb4 {[%clk 00:00:46]} {[%emt 00:00:02]} Qxb4
{[%clk 00:02:06]} {[%emt 00:00:01]} 32. Qc2 {[%clk 00:00:44]} {[%emt 00:00:04]}
c5 {[%clk 00:02:07]} 33. Rd1 {[%clk 00:00:39]} {[%emt 00:00:08]} Ke6 {[%clk
00:01:58]} {[%emt 00:00:12]} 34. Kf1 {[%clk 00:00:32]} {[%emt 00:00:09]} c4
{[%clk 00:01:51]} {[%emt 00:00:08]} 35. bxc4 {[%clk 00:00:31]} {[%emt
00:00:02]} dxc4 {[%clk 00:01:52]} {[%emt 00:00:01]} 36. d5+ {[%clk 00:00:24]}
{[%emt 00:00:10]} Kd6 {[%clk 00:01:54]} 37. Rd4 {[%clk 00:00:21]} {[%emt
00:00:05]} Qb3 {[%clk 00:01:41]} {[%emt 00:00:15]} 38. Qc1 {[%clk 00:00:07]}
{[%emt 00:00:16]} c3 {[%clk 00:01:33]} {[%emt 00:00:10]} 39. Kg2 {[%clk
00:00:07]} {[%emt 00:00:02]} Qb2+ {[%clk 00:01:33]} {[%emt 00:00:02]} 40. Qxb2
{[%clk 00:00:07]} {[%emt 00:00:02]} cxb2 {[%clk 00:01:34]} 0-1